000 00482nam a2200157 i 4500
001 27928
003 ES-MaACL
005 20230906153730.0
007 t|
008 030115s1908 sp ||||1| spa d
100 1 _aAznar Navarro, Francisco.
_924314
245 1 3 _aEl cabildo de Zaragoza en 1808 y 1809 /
_cFrancisco Aznar Navarro.
260 _aZaragoza :
_b[s.n.,
_c1908] (
_fTip. de Emilio CasaƱal)
500 _aPublicado en la revista Aragonesa.
852 _aES-MaACL
_jT-671-F-9
999 _c27928
_d27928